Khyber Pakhtunkhwa Police 2014-16 Dispute resolution councils (Record no. 219496)

000 -LEADER
fixed length control field nam a22 7a 4500
003 - CONTROL NUMBER IDENTIFIER
control field Nust
005 - DATE AND TIME OF LATEST TRANSACTION
control field 20170210121827.0
008 - FIXED-LENGTH DATA ELEMENTS--GENERAL INFORMATION
fixed length control field 170210b xxu||||| |||| 00| 0 eng d
040 ## - CATALOGING SOURCE
Transcribing agency 0
082 ## - DEWEY DECIMAL CLASSIFICATION NUMBER
Classification number 363.20954912
100 ## - MAIN ENTRY--PERSONAL NAME
Relator code Central Police office Peshawar
245 ## - TITLE STATEMENT
Title Khyber Pakhtunkhwa Police 2014-16 Dispute resolution councils
Remainder of title Aming for amity
260 ## - PUBLICATION, DISTRIBUTION, ETC.
Place of publication, distribution, etc. Peshawar
Name of publisher, distributor, etc. Central Police Office
Date of publication, distribution, etc. 2016
300 ## - PHYSICAL DESCRIPTION
Extent 103p
942 ## - ADDED ENTRY ELEMENTS (KOHA)
Source of classification or shelving scheme
Koha item type Book
Holdings
Withdrawn status Lost status Source of classification or shelving scheme Damaged status Not for loan Collection code Permanent Location Current Location Shelving location Date acquired Total Checkouts Full call number Barcode Date last seen Price effective from Koha item type
            Central Library (CL) Central Library (CL) General Stacks 02/10/2017   363.20954912 CEN S3H-D-210 02/10/2017 02/10/2017 Book
© 2023 Central Library, National University of Sciences and Technology. All Rights Reserved.